Povinnosti obstarávateľa aplikovať postupy podľa zákona o verejnom obstarávaní

Obstarávateľ je povinný uplatňovať postupy podľa zákona č. 343/2015 Z. z. o verejnom obstarávaní a o zmene a doplnení niektorých zákonov v z. n. p. (ďalej len „ZVO“) pri zadávaní zákaziek súvisiacich s činnosťami, ktoré vykonáva v jednom alebo viacerých odvetviach uvedených v § 9 ods. 3 až 9 ZVO. O...

Ausführliche Beschreibung

Gespeichert in:
Bibliographische Detailangaben
1. Verfasser: Tazberík, Ján Miloslav
Format: Buchkapitel
Sprache:Slowakisch
Schlagworte:
Tags: Tag hinzufügen
Keine Tags, Fügen Sie das erste Tag hinzu!

MARC

LEADER 00000naa a2200000 4500
001 0297621
005 20240417075257.5
041 0 |a slo 
044 |a SK 
245 1 0 |a Povinnosti obstarávateľa aplikovať postupy podľa zákona o verejnom obstarávaní  |c Ján Miloslav Tazberík 
520 |a Obstarávateľ je povinný uplatňovať postupy podľa zákona č. 343/2015 Z. z. o verejnom obstarávaní a o zmene a doplnení niektorých zákonov v z. n. p. (ďalej len „ZVO“) pri zadávaní zákaziek súvisiacich s činnosťami, ktoré vykonáva v jednom alebo viacerých odvetviach uvedených v § 9 ods. 3 až 9 ZVO. O ktoré zákazky ide a ktoré zákazky súvisia s odvetvovými činnosťami? 
610 2 0 |a obstarávanie verejné 
610 2 0 |a zákony 
610 2 0 |a zákazky 
610 2 0 |a Európska rada 
610 2 0 |a Súdny dvor Európskej únie 
100 1 |a Tazberík, Ján Miloslav